000 00491nam a2200181Ia 4500
003 GCL
008 140319s9999 xx 000 0 ara d
040 _aGCL /
_cGCL
082 0 4 _a808.8
_bن ف
100 1 _aنعيم عطية
245 1 0 _aفتاة على حصان أحمر مجموعة قصصية /
_cنعيم عطية
300 _a63 ص
490 _a
650 0 4 _aالادب العربى
650 0 4 _aالقصص العربية
650 0 4 _aالمجموعات
942 _2ddc
_cBK
999 _c40141
_d40141